| 000 | 00475cam a2200181ua 4500 | ||
|---|---|---|---|
| 001 | 5761 | ||
| 008 | 131122n ii |||gr||||Z||||||eng | ||
| 040 | _cMAIN | ||
| 082 | _a349.54 | ||
| 245 |
_aIndian Legal History _cBy J.K. Mittal |
||
| 250 | _a4rth ed. | ||
| 260 |
_aAllahabad: _bAllahabad Law Agency, _c1973. |
||
| 300 | _axiv,322p. | ||
| 653 | _aLaw of specific jurisdictions & areas | ||
| 653 | _aIndian legal History | ||
| 700 |
_aMittal,J.K., _eAuthor., |
||
| 942 | _cBK | ||
| 999 |
_c4919 _d4919 |
||